000 01731nam a22002057a 4500
999 _c59972
_d59972
003 Ge_BSU
005 20230525153211.0
008 230525s2016 ge ||||| |||| 00| 0 geo d
041 _ageo
080 _a930(479.22) ლ-85
100 _aლორთქიფანიძე, მარიამ
_918218
245 _aრჩეული ნაწერები:
_bწ. 1 /
_cმარიამ ლორთქიფანიძე; შემდგენელი და რედაქტორი ნათელა ვაჩნაძე; მხატვარი ნოდარ მალაზონია; საქ. მეცნიერებათა ეროვნ. აკადემია. საქართველოს ისტორიკოსთა ეროვნული კომიტეტი. ივ. ჯავახიშვილის სახელობის თბილისის სახ. უნივერსიტეტი.
264 _aთბილისი :
_bმერიდიანი,
_c2016.
300 _a607 გვ.;
_b22 სმ.
653 _aრჩეული ნაწერები
700 _aვაჩნაძე, ნათელა
_eრედაქტორი
_91533
700 _aმალაზონია, ნოდარ
_e მხატვარი
_918219
710 _aსაქ. მეცნიერებათა ეროვნ. აკადემია. საქართველოს ისტორიკოსთა ეროვნული კომიტეტი.
_b ივ. ჯავახიშვილის სახელობის თბილისის სახ. უნივერსიტეტი.
_918223
942 _2udc
_cBK